| 000 | 00000nas##2200000za#4500 |
| 001 | 9.514091 |
| 003 | CaOODSP |
| 005 | 20210305160100 |
| 007 | ta |
| 008 | 150406c1970||||xxc|| p #||||f| |0fre|d |
| 022 | |a0704-5611 |
| 040 | |aCaOODSP|bfre |
| 043 | |an-cn--- |
| 086 | 1 |aX3F |
| 110 | 1 |aCanada. |bParlement. |bChambre des communes. |
| 245 | 10|aDébats de la Chambre des communes : |bcompte rendu officiel |
| 246 | 3 |aDébats de la Chambre des communes, compte rendu officiel (HANSARD) |
| 260 | |aOttawa - Ontario : |bChambre des communes |
| 310 | |aQuotidien |
| 362 | 1 |a[195-]-- |
| 500 | |a«Publié quotidiennement avec des refontes régulières. L'éd. quotidienne et la refonte comportent une numérotation différente.»--Amicus n° 35882 (CaOONL). |
| 563 | |aPolycopié |
| 775 | 08|tHouse of Commons debates, official report |w(CaOODSP)9.515770 |
| 776 | 0#|tDébats de la Chambre des communes du Canada (Hansard) |w(CaOODSP)9.503571 |